| 000 | 00397nam a2200145Ia 4500 | ||
|---|---|---|---|
| 008 | 231129s2010||||xx |||||||||||||| ||spa|| | ||
| 020 | _a978-958-45-2940-4 | ||
| 040 | _bspa | ||
| 082 | _aCo863 B932p | ||
| 100 | _aBuitrago Jairo | ||
| 245 | 0 | _aLas pesquisas comenzaron en Baker Street | |
| 260 | _c2010 | ||
| 264 | _aVerticales de Bolsillo | ||
| 942 |
_2ddc _cBKS |
||
| 999 |
_c18914 _d18914 |
||